Score 0/24 Timer 04:00
0 Plays Today
Hint 4-Letter Word % Correct
FrigidCOLD
91.1%
Chess castleROOK
88.9%
StoneROCK
88.1%
ConcernCARE
81.6%
Make wellCURE
80.6%
Road edgeCURB
80.4%
PathROAD
76.7%
RopeCORD
76.5%
Painful sighMOAN
74.2%
SatelliteMOON
74.2%
TuberROOT
73.9%
PointlessMOOT
73.5%
Hint 4-Letter Word % Correct
Paper plaqueCARD
73.5%
AttireGARB
73.1%
Lite beer scarcityCARB
72.6%
Ahab's doubloonGOLD
71.9%
Horse colorROAN
71.9%
SpongeBob's pet snailGARY
71.8%
UrgeGOAD
69.1%
GruesomeGORY
67.9%
Pequod's pierDOCK
64.3%
♒ JANE'S FRIEND ♒♒ DICK ♒
60.2%
♒ AMERICAN TECHNO ROCKER ♒♒ MOBY ♒
38.3%
Small fishGOBY
36.2%

Today's Daily Dose

Remove Ads.
Support Sporcle.
Get the best of Sporcle when you Go Orange. This ad-free experience offers more features, more stats, and more fun while also helping to support Sporcle. Thank you for becoming a member.

You're not logged in!

Compare scores with friends on all Sporcle quizzes.
OR
Log In

Show Comments

Extras

Top Quizzes Today


Score Distribution

Your Account Isn't Verified!

In order to create a playlist on Sporcle, you need to verify the email address you used during registration. Go to your Sporcle Settings to finish the process.

Report this User

Report this user for behavior that violates our Community Guidelines.

Details: